[Event "Moscow-ch Men 2019"]
[Site "Moscow"]
[Date "2019.03.31"]
[Round "2.29"]
[White "Grigoryev, Vladislav"]
[Black "Paster, Arkady M."]
[Result "0-1"]
[WhiteElo "1741"]
[BlackElo "2070"]
[Annotator "NA RC"]
[PlyCount "106"]
[EventDate "2019.03.30"]
[EventType "swiss"]
[EventCountry "RUS"]
[SourceTitle "playchess.com"]
[Source "ChessBase"]
[SourceQuality "1"]
[TimeControl "5400+30"]

1. Nf3 d5 2. d4 Nf6 3. c4 c6 4. Qc2 g6 5. Bf4 Bg7 6. e3 O-O 7. Nc3 Bg4 8. Ne5 Bf5 9. Bd3 Bxd3 10. Qxd3 dxc4 11. Qxc4 Nbd7 12. h3 Nb6 13. Qb3 Nfd5 14. Bg3 e6 15. O-O a5 16. Ne4 f6 17. Nd3 a4 18. Qc2 f5 19. Nec5 Qe7 20. Be5 Bh6 21. b3 a3 22. Rae1 Nd7 23. Nxd7 Qxd7 24. Nc5 Qe7 25. Qc4 b6 26. Nd3 Qd7 27. Bg3 Bg7 28. Be5 Bh6 29. Bg3 Rfc8 30. Ne5 Qe8 31. Re2 b5 32. Qc5 Bf8 33. Qc1 Bh6 34. Qb1 Nc3 35. Qd3 Nxe2+ 36. Qxe2 c5 37. Rd1 cxd4 38. Rxd4 Rd8 39. Rb4 Rd5 40. Rd4 Rxd4 41. exd4 f4 42. Bh2 Rc8 43. g3 Rc1+ 44. Kg2 Qa8+ 45. Nf3 Qc6 46. gxf4 Rc2 47. Qe5 Bg7 48. Qb8+ Bf8 49. f5 Rc3 50. Qf4 exf5 51. Bg3 Qd5 52. h4 h6 53. Bh2 Bd6 0-1

[Event "Moscow-ch Men 2019"]
[Site "Moscow"]
[Date "2019.03.31"]
[Round "2.30"]
[White "Gerasimov, Vadim"]
[Black "Fedorov, Nikita"]
[Result "0-1"]
[WhiteElo "1688"]
[BlackElo "2030"]
[Annotator "NA RC"]
[PlyCount "100"]
[EventDate "2019.03.30"]
[EventType "swiss"]
[EventCountry "RUS"]
[SourceTitle "playchess.com"]
[Source "ChessBase"]
[SourceQuality "1"]
[TimeControl "5400+30"]

1. d4 e6 2. c4 b6 3. Nf3 Bb7 4. g3 Bb4+ 5. Bd2 Bxd2+ 6. Nbxd2 f5 7. Bg2 Nf6 8. O-O O-O 9. Qc2 d6 10. Rfd1 Qe8 11. Ne1 Bxg2 12. Nxg2 Nbd7 13. e3 Qh5 14. Nf4 Qf7 15. Nf3 Ne4 16. d5 e5 17. Ne6 Rfc8 18. Nfg5 Nxg5 19. Nxg5 Qg6 20. Ne6 Nf8 21. Nxf8 Rxf8 22. b4 Qg4 23. Kg2 e4 24. Re1 Qf3+ 25. Kg1 Qh5 26. Qe2 Qh3 27. Qf1 Qh6 28. Rac1 Rae8 29. Rc2 g5 30. Qg2 Kh8 31. c5 f4 32. exf4 gxf4 33. cxb6 f3 34. Qf1 cxb6 35. Re3 Qh5 36. h3 Qxd5 37. Rc7 Qe5 38. Qd1 d5 39. Rd7 Rd8 40. Rxd8 Rxd8 41. Kh2 d4 42. Re1 Qd5 43. Qd2 Qe5 44. Rc1 Re8 45. Re1 e3 46. Qd3 Qe4 47. Qa6 Qc2 48. Qf1 e2 49. Qh1 Qe4 50. Rc1 e1=Q 0-1

[Event "Moscow-ch Men 2019"]
[Site "Moscow"]
[Date "2019.03.31"]
[Round "2.31"]
[White "Razumovskiy, Mikhail"]
[Black "Zurabian, Vage"]
[Result "0-1"]
[WhiteElo "2024"]
[BlackElo "1842"]
[Annotator "NA RC"]
[PlyCount "100"]
[EventDate "2019.03.30"]
[EventType "swiss"]
[EventCountry "RUS"]
[SourceTitle "playchess.com"]
[Source "ChessBase"]
[SourceQuality "1"]
[TimeControl "5400+30"]

1. d4 d6 2. c4 e5 3. Nf3 e4 4. Ng5 Nf6 5. Nc3 Qe7 6. Qc2 Bf5 7. f3 Nc6 8. e3 Nxd4 9. Qd1 Nc6 10. g4 Bg6 11. f4 h6 12. Nh3 O-O-O 13. Nd5 Nxd5 14. cxd5 Nb8 15. Qd4 Qh4+ 16. Nf2 c5 17. Qa4 a6 18. Bh3 Kc7 19. Bd2 Nd7 20. Ba5+ Kc8 21. g5 b5 22. Qc2 Re8 23. Rg1 hxg5 24. Rxg5 Be7 25. Rg2 Qh5 26. Qd2 Bh4 27. Bg4 Bxf2+ 28. Kxf2 Qh4+ 29. Kg1 f5 30. Be2 Bh5 31. Bxh5 Qxh5 32. a4 b4 33. Rc1 Qf3 34. Rg3 Qh5 35. Bxb4 g5 36. Bc3 gxf4 37. exf4 Rhg8 38. Bd4 Rxg3+ 39. hxg3 Rg8 40. Rc3 Kd8 41. Bf2 Rh8 42. Kf1 Qh1+ 43. Ke2 Rh2 44. Qe3 Qb1 45. Qc1 Qa2 46. Qd2 Nf6 47. Rc2 Qxa4 48. Kf1 Ng4 49. b3 Qb5+ 50. Qe2 Rxf2+ 0-1

[Event "Moscow-ch Men 2019"]
[Site "Moscow"]
[Date "2019.03.31"]
[Round "2.32"]
[White "Kudryaev, Ivan"]
[Black "Pavlov, Mark"]
[Result "0-1"]
[WhiteElo "1692"]
[BlackElo "1989"]
[Annotator "NA RC"]
[PlyCount "100"]
[EventDate "2019.03.30"]
[EventType "swiss"]
[EventCountry "RUS"]
[SourceTitle "playchess.com"]
[Source "ChessBase"]
[SourceQuality "1"]
[TimeControl "5400+30"]

1. d4 Nf6 2. Nf3 g6 3. g3 Bg7 4. Bg2 O-O 5. O-O d6 6. Bg5 h6 7. Bd2 c5 8. dxc5 dxc5 9. Bc3 Nc6 10. Nbd2 Qc7 11. e3 b6 12. a3 Ba6 13. Re1 Rad8 14. Qb1 e5 15. e4 Nd4 16. Bxd4 cxd4 17. Bf1 Bxf1 18. Rxf1 Nd7 19. Ne1 Kh8 20. Qd1 f5 21. Qe2 Qc6 22. Rc1 Nc5 23. f3 fxe4 24. Nxe4 Qd5 25. Nxc5 bxc5 26. Qe4 Qd6 27. Nd3 c4 28. Nf2 Rf5 29. Kg2 Rdf8 30. Nd1 Qf6 31. h4 g5 32. h5 g4 33. f4 Rxh5 34. Nf2 exf4 35. Nxg4 Qf5 36. Rxf4 Qxe4+ 37. Rxe4 Rb5 38. b4 Rbf5 39. Re2 h5 40. Rh1 Kg8 41. Nf2 Rf3 42. Rxh5 Rxa3 43. Ra5 Re3 44. Rd2 c3 45. Rd1 Re2 46. Rf1 Rxc2 47. g4 d3 48. Rf5 Rxf5 49. gxf5 Bd4 50. Kf3 Rxf2+ 0-1

[Event "Moscow-ch Men 2019"]
[Site "Moscow"]
[Date "2019.03.31"]
[Round "2.33"]
[White "Khmelev, Mikhail"]
[Black "Akhmedov, David"]
[Result "1/2-1/2"]
[WhiteElo "2011"]
[BlackElo "1710"]
[Annotator "NA RC"]
[PlyCount "120"]
[EventDate "2019.03.30"]
[EventType "swiss"]
[EventCountry "RUS"]
[SourceTitle "playchess.com"]
[Source "ChessBase"]
[SourceQuality "1"]
[TimeControl "5400+30"]

1. e4 c5 2. Nf3 d6 3. d4 cxd4 4. Nxd4 Nf6 5. Nc3 a6 6. h3 e6 7. g4 b5 8. Bg2 Bb7 9. O-O Qc7 10. Re1 Be7 11. a4 b4 12. Na2 O-O 13. Bg5 Nbd7 14. Qd2 a5 15. Nb5 Qb8 16. Rad1 Ra6 17. c3 b3 18. Nc1 Nc5 19. Bxf6 Bxf6 20. Qe2 Be7 21. Qc4 Rc8 22. Nxb3 Nxe4 23. Qe2 d5 24. Bxe4 dxe4 25. Nd2 Bc5 26. Nf1 Qf4 27. Nd4 e5 28. Nf5 g6 29. N5e3 Rf6 30. Rd2 Qh6 31. g5 Qxg5+ 32. Qg4 Qxg4+ 33. Nxg4 Re6 34. Rb1 f5 35. Nge3 Ra8 36. b4 axb4 37. cxb4 Rb6 38. Nc4 Rxb4 39. Rxb4 Bxb4 40. Rb2 Rxa4 41. Nb6 Ra1 42. Rxb4 Ba6 43. Nc4 Rc1 44. Ncd2 Bd3 45. Kg2 f4 46. Rxe4 Rxf1 47. Rxe5 Rd1 48. Ne4 Bf1+ 49. Kh2 Rd3 50. h4 Rh3+ 51. Kg1 Bd3 52. h5 Bxe4 53. Rxe4 g5 54. Kg2 Rxh5 55. Kf3 Rh4 56. Re1 Rh6 57. Kg4 Rg6 58. Re5 h6 59. Re1 Rg7 60. Re6 Kh7 1/2-1/2

[Event "Moscow-ch Men 2019"]
[Site "Moscow"]
[Date "2019.03.31"]
[Round "2.34"]
[White "Volkov, Andreiy"]
[Black "Sekoyan, Vachagan"]
[Result "0-1"]
[WhiteElo "1628"]
[BlackElo "1994"]
[Annotator "NA RC"]
[PlyCount "42"]
[EventDate "2019.03.30"]
[EventType "swiss"]
[EventCountry "RUS"]
[SourceTitle "playchess.com"]
[Source "ChessBase"]
[SourceQuality "1"]
[TimeControl "5400+30"]

1. e4 g6 2. d4 Bg7 3. Nc3 d5 4. exd5 Nf6 5. Bc4 Nbd7 6. Nf3 O-O 7. O-O Nb6 8. Bb3 Nbxd5 9. Nxd5 Nxd5 10. Re1 c6 11. Bg5 Re8 12. Qd2 Bg4 13. c4 Nb6 14. d5 Bxf3 15. gxf3 cxd5 16. cxd5 Qd7 17. Rad1 Nc8 18. Be3 Qh3 19. Qe2 Nd6 20. Bd4 Nf5 21. Bxg7 Nh4 0-1

[Event "Moscow-ch Men 2019"]
[Site "Moscow"]
[Date "2019.03.31"]
[Round "2.35"]
[White "Zaitsev, Vitaly"]
[Black "Usov, Dmitry E."]
[Result "1-0"]
[WhiteElo "1968"]
[BlackElo "1032"]
[Annotator "NA RC"]
[PlyCount "101"]
[EventDate "2019.03.30"]
[EventType "swiss"]
[EventCountry "RUS"]
[SourceTitle "playchess.com"]
[Source "ChessBase"]
[SourceQuality "1"]
[TimeControl "5400+30"]

1. d4 c6 2. c4 d5 3. Nf3 Nf6 4. e3 Bf5 5. Nc3 e6 6. Be2 Bb4 7. O-O O-O 8. a3 Bxc3 9. bxc3 Nbd7 10. a4 Qc7 11. Ba3 Rfe8 12. Nh4 Bg6 13. Nxg6 hxg6 14. f4 Ne4 15. Qc2 c5 16. Rfc1 Nef6 17. Rab1 b6 18. Bf3 Rac8 19. Be2 Qb7 20. a5 Qa8 21. Bf3 cxd4 22. cxd4 Qc6 23. c5 b5 24. g4 a6 25. g5 Ne4 26. Bxe4 dxe4 27. h4 Kh7 28. Qe2 Rh8 29. h5 f6 30. Kg2 fxg5 31. fxg5 Qd5 32. Qg4 gxh5 33. Qxh5+ Kg8 34. Qg4 g6 35. c6 Rxc6 36. Rxc6 Qxc6 37. Rc1 Qd5 38. Rc2 Rh5 39. Be7 Kf7 40. Bd8 Qf5 41. Qg3 Qd5 42. Qc7 Ke8 43. Qc8 Kf7 44. Rf2+ Kg7 45. Bf6+ Nxf6 46. gxf6+ Kh6 47. Qf8+ Kg5 48. f7 Qd7 49. Qc5+ e5 50. Qxe5+ Kh6 51. f8=Q+ 1-0

[Event "Moscow-ch Men 2019"]
[Site "Moscow"]
[Date "2019.04.01"]
[Round "3.5"]
[White "Popov, Ivan"]
[Black "Geivondian, Arman"]
[Result "1-0"]
[WhiteElo "2585"]
[BlackElo "2388"]
[Annotator "TA"]
[PlyCount "69"]
[EventDate "2019.03.30"]
[EventType "swiss"]
[EventCountry "RUS"]
[SourceTitle "playchess.com"]
[Source "ChessBase"]
[SourceQuality "1"]

{[%evp 12,69,28,33,33,30,36,28,30,19,30,11,5,10,11,16,12,8,15,14,26,26,86,76,67,45,79,58,53,52,72,63,84,0,6,5,29,0,172,171,166,166,162,162,454,446,596,570,525,510,787,782,1150,1040,1148,1111,1574,1182,29981,5027]} 1. e4 e6 2. d4 d5 3. Nc3 Nf6 4. Bg5 dxe4 5. Nxe4 Nbd7 6. Nf3 h6 7. Bxf6 Nxf6 {C13: French: Classical System: 4 Bg5 Be7, Alekhine-Chatard Attack} 8. Bd3 Bd7 9. Ne5 Bd6 {White has an edge.} 10. Qd2 $146 ({Predecessor:} 10. Qf3 Bxe5 11. dxe5 Nxe4 12. Bxe4 Qg5 13. Qc3 O-O-O 14. O-O Bb5 15. Rfe1 {1-0 (32) Vovk,A (2605)-Malakhatko,V (2547) Cappelle-la-Grande 2014}) 10... Qe7 11. O-O Nxe4 12. Bxe4 Bxe5 13. dxe5 O-O-O 14. Qe3 Kb8 15. a4 Bc8 16. a5 c5 (16... f5 $11 17. exf6 Qxf6) 17. Bf3 $16 a6 18. Ra3 {[%cal Ba1a3,Ba3b3,Bb3b4,Bb4b6,Bb6d6][%mdl 32]} Qc7 19. Rfa1 Rd4 20. c3 $36 {[%mdl 2048] Black is under pressure.} Rd7 $1 21. Rb3 Rhd8 22. g3 (22. h3 $16) 22... Rd3 23. Qe2 c4 24. Rb4 R8d5 $2 {[#]} (24... g5 $11 {and Black stays safe.}) 25. Bxd5 $18 exd5 26. Rb6 Bf5 27. Rd6 Be4 $2 (27... g6 28. Qe1 Bg4) 28. Qg4 Bf3 29. Qxg7 Qxa5 {[%cal Ra5a1] [#]} 30. Rf1 Ka7 (30... d4 $142 31. Qxf7 Qxe5) 31. Qxf7 Qc5 32. Rf6 Be2 33. Re1 Bg4 34. e6 d4 35. e7 {Accuracy: White = 65%, Black = 37%.} 1-0

[Event "Moscow-ch Men 2019"]
[Site "Moscow"]
[Date "2019.04.01"]
[Round "3.6"]
[White "Dragomarezkij, Evgeni"]
[Black "Savchenko, Boris"]
[Result "0-1"]
[WhiteElo "2386"]
[BlackElo "2575"]
[Annotator "TA"]
[PlyCount "74"]
[EventDate "2019.03.30"]
[EventType "swiss"]
[EventCountry "RUS"]
[SourceTitle "playchess.com"]
[Source "ChessBase"]
[SourceQuality "1"]

{[%evp 10,74,0,-22,2,0,2,9,42,33,39,27,32,29,40,30,46,22,65,53,157,145,129,127,113,13,46,0,61,-74,-81,-77,-75,-116,-59,-58,-67,-59,-63,-69,-78,-124,-111,-240,-233,-320,-32,-243,-238,-602,-625,-909,-875,-956,-953,-908,-908,-820,-827,-820,-740,-608,-616,-5177,-5181,-1370,-1354]} 1. c4 e5 2. Nc3 Nf6 3. Nf3 Nc6 4. d3 d5 5. cxd5 Nxd5 6. e3 Nb6 $146 {A28: English Opening: Four Knights Variation} ({Predecessor:} 6... Be7 7. Be2 O-O 8. O-O Be6 9. a3 a5 10. Bd2 Kh8 11. Rc1 Nxc3 12. Rxc3 f6 13. Qa4 Nb4 14. e4 c5 15. Be3 b6 16. Nd2 Bd7 17. Qd1 {0-1 (42) Kramnik,V (2792)-Karjakin,S (2782) Paris 2018}) 7. Be2 Be7 8. a3 g5 {The position is equal.} 9. b4 {[%cal Bb2b4,Bb4b5][%mdl 32]} g4 10. Nd2 h5 11. Bb2 Be6 12. Qc2 Qd7 13. Nce4 f5 14. b5 Nd4 (14... Nd8 $14) 15. exd4 $16 fxe4 16. dxe4 {Strongly threatening d5.} (16. dxe5 exd3 17. Qxd3 (17. Bxd3 O-O-O $17) 17... O-O-O $15) (16. Nxe4 $6 exd4 17. O-O O-O) 16... exd4 17. O-O (17. a4 $16) 17... O-O-O $1 $11 {Black wants to play ...d3.} 18. Rfd1 Bh4 ({Black should try} 18... Rhf8 $11 19. Nb3 Bxb3 20. Qxb3 Bc5) 19. g3 (19. f4 $14 {keeps the upper hand.}) 19... Bf6 $17 {And now ...d3 would win.} 20. Nb3 {Nxd4 is the strong threat.} Na4 $1 {[%cal Ra4b2]} 21. Rac1 {Black must now prevent b6.} Bxb3 ({Better is} 21... Nxb2 $17 22. Qxb2 Kb8) 22. Qxb3 $15 Nxb2 23. Qxb2 {Hoping for b6.} Kb8 24. Bf1 h4 25. Rc5 hxg3 $1 26. hxg3 (26. fxg3 $17 Qe7 27. Rd5) 26... Rh6 $1 $19 ({Not} 26... Qh7 27. Bg2 $15) 27. Bg2 Rdh8 $2 (27... Qh7 $1 $19 28. Qe2 d3 $1 {[%mdl 512]} 29. Qxg4 Rh8) 28. Qb3 $2 ({Wrong is} 28. e5 $2 Qh7 $19) (28. Qe2 $1 $15) 28... Qh7 $1 $40 {[%mdl 128] ( -> ...Rh1+!). Black wants a kill.} 29. Kf1 $2 (29. f3 Rh1+ 30. Kf2) 29... Rh2 $1 {Black is clearly winning.} 30. Rf5 {[#]} Rxg2 $1 {[%mdl 512]} 31. Rxf6 {[#]} (31. Kxg2 Qh3+) 31... Rg1+ $1 {[%mdl 512]} 32. Ke2 (32. Kxg1 Qh1#) 32... Qxe4+ 33. Kd2 Rxd1+ 34. Qxd1 Qe5 35. Rf4 Qxb5 36. Rxd4 Qb2+ {[%mdl 64] Double Attack} 37. Ke3 Re8+ {Accuracy: White = 20%, Black = 58%.} 0-1

[Event "Moscow-ch Men 2019"]
[Site "Moscow"]
[Date "2019.04.01"]
[Round "3.7"]
[White "Vorobiov, Evgeny E."]
[Black "Savenkov, Konstantin"]
[Result "1-0"]
[WhiteElo "2565"]
[BlackElo "2373"]
[Annotator "TA"]
[PlyCount "69"]
[EventDate "2019.03.30"]
[EventType "swiss"]
[EventCountry "RUS"]
[SourceTitle "playchess.com"]
[Source "ChessBase"]
[SourceQuality "1"]

{[%evp 24,69,88,83,96,89,108,80,107,109,151,139,139,119,141,128,141,140,147,132,139,135,164,175,275,263,275,266,263,251,219,233,215,204,409,375,442,408,733,735,728,716,693,701,753,739,664,658]} 1. d4 Nf6 2. c4 d6 3. Nf3 g6 4. Nc3 Bg7 5. e4 O-O 6. Be2 e5 7. O-O Nc6 8. d5 Ne7 9. Be3 Ne8 10. Nd2 f5 11. f3 f4 12. Bf2 g5 13. c5 Rf6 {[#] E92: King's Indian: Classical: 6 Be2 e5: 7 dxe5, 7 Be3 and Petrosian System without 7...Nbd7} 14. cxd6 $146 ({Predecessor:} 14. Nc4 h5 15. cxd6 cxd6 16. Nb5 Rg6 17. Nxa7 g4 18. Bb6 Qd7 19. Na5 Rxa7 20. Bxa7 Qc7 21. b4 {0-1 (53) Ibrayev,N (2516)-Kuderinov,K (2412) Moscow 2005}) 14... cxd6 15. Rc1 Rg6 {White is better.} 16. Nb5 a6 {[#]} 17. Nc7 $1 {[%cal Rc7a8]} Nxc7 18. Bb6 Bd7 19. Rxc7 Nc8 {[#]} 20. Qb3 $1 $36 {[%mdl 2048] White is really pushing.} Nxb6 21. Qxb6 Rb8 22. Rfc1 g4 23. Qa7 Bb5 (23... Be8 {keeps fighting.} 24. Rxb7 (24. fxg4 Bh6 $16) 24... Rxb7 25. Qxb7 gxf3 26. Nxf3 Bd7) 24. Bxb5 axb5 25. Qxb8 {[%mdl 64] Remove Defender} Qxb8 26. Rc8+ Qxc8 27. Rxc8+ $18 {[%mdl 4096] Endgame KRB-KRN} Bf8 28. Rc7 g3 $2 (28... gxf3 29. Nxf3 Rg7) 29. Rxb7 gxh2+ 30. Kxh2 Bh6 (30... Rg7 $142) 31. Rxb5 {White is clearly winning.} Bg5 32. Rb8+ Kg7 33. Rb7+ Kh6 34. Nc4 Bh4 35. Kg1 {Accuracy: White = 67%, Black = 52%.} 1-0

[Event "Moscow-ch Men 2019"]
[Site "Moscow"]
[Date "2019.04.01"]
[Round "3.8"]
[White "Makarian, Rudik"]
[Black "Afanasiev, Nikita"]
[Result "0-1"]
[WhiteElo "2354"]
[BlackElo "2527"]
[Annotator "TA"]
[PlyCount "90"]
[EventDate "2019.03.30"]
[EventType "swiss"]
[EventCountry "RUS"]
[SourceTitle "playchess.com"]
[Source "ChessBase"]
[SourceQuality "1"]

{[%evp 14,90,23,0,0,7,4,-17,-14,-23,-4,-12,0,-20,-19,-24,-24,-27,-27,-77,-54,-112,-112,-161,-161,-157,-158,-156,-156,-156,-160,-159,-136,-142,-145,-135,-137,-149,-122,-147,-146,-170,-164,-172,-62,-61,-60,-267,-252,-252,-257,-517,-520,-431,-418,-1743,-1695,-9274,-9274,-29971,-29964,-29973,-5297,-29973,-29977,-29976,-29976,-29976,-29976,-29977,-29978,-29979,-29980,-29980,-29981,-29981,-29982,-29982,-29977]} 1. c4 e5 2. g3 Nf6 3. Bg2 Bc5 4. Nc3 O-O 5. d3 Nc6 6. Nf3 d6 7. O-O h6 8. Na4 a5 {A29: English Opening: Four Knights Variation with 4 g3} 9. Nxc5 dxc5 10. Ne1 $146 ({Predecessor:} 10. Nd2 Ra6 11. Nb1 Be6 12. Nc3 Qd7 13. Re1 Rd8 14. Qa4 Rb6 15. Rb1 Qd6 16. Bd2 {½-½ (55) Chatalbashev,B (2548)-Godena,M (2540) Bratto 2009}) 10... Qd6 {The position is equal.} 11. Nc2 Rd8 12. b3 Bf5 13. Bb2 Qe6 14. Ne3 Bh3 15. Bxh3 Qxh3 16. f4 {[#]} Re8 $1 {...exf4 is the strong threat.} 17. fxe5 (17. Qd2 $15) 17... Nxe5 $17 18. Rf4 Nfg4 $36 {[%mdl 2048] White is under strong pressure.} 19. Nf1 {[#]} Nxh2 $1 {[%mdl 512]} 20. Rh4 (20. Nxh2 Qxg3+) 20... Qxf1+ 21. Qxf1 Nxf1 22. Kxf1 b6 23. Re4 Nc6 24. Rxe8+ Rxe8 {[%mdl 4096] Endgame KRB-KRN} 25. Kf2 f5 26. a3 Kf7 27. e3 g5 28. d4 {[#]} f4 $1 {[%mdl 512]} 29. gxf4 $15 (29. exf4 Nxd4) 29... gxf4 30. exf4 $2 (30. dxc5 $1 $15 Rxe3 31. Bc1 Rxb3 32. Bxf4) 30... Nxd4 $19 ({Don't take} 30... cxd4 31. Rh1 $17) 31. Bxd4 cxd4 $15 {KR-KR} 32. b4 $2 (32. c5 {was necessary.}) 32... d3 $19 33. Rd1 Rd8 34. Ke3 {[#]} (34. bxa5 $142 bxa5 35. Ke3) 34... d2 $1 {[%mdl 512]} 35. c5 (35. Rxd2 Rxd2) 35... a4 (35... axb4 $2 36. cxb6 bxa3 37. bxc7 $19) 36. Rxd2 Rxd2 37. Kxd2 {KP-KP} Ke6 (37... bxc5 $142 38. bxc5 Ke6 39. Kc3 Kd5 40. Kd2 Kxc5 41. Kc3 h5 42. Kd3 h4 43. Ke4 Kd6 44. f5 h3 45. Kf3 h2 46. Kg2 c5 47. Kh1 c4 48. f6 Ke6 49. f7 Kxf7 50. Kxh2 c3 51. Kg3 c2 52. Kf4 c1=Q+ 53. Ke4 Qxa3 54. Kd4 Qb4+ 55. Ke5 a3 56. Kf5 a2 57. Ke5 a1=Q+ 58. Kd5 Qad4+ 59. Kc6 Qdd6#) 38. Kd3 bxc5 {Black mates.} 39. bxc5 {K3P-K3P} Kf5 40. Ke3 h5 41. Kf3 c6 42. Kg3 Ke4 43. Kh4 Kxf4 44. Kxh5 Ke4 45. Kg4 Ke5 {Accuracy: White = 16%, Black = 64%.} 0-1

[Event "Moscow-ch Men 2019"]
[Site "Moscow"]
[Date "2019.04.01"]
[Round "3.9"]
[White "Ivanov, Oleg V"]
[Black "Smirnov, Timofey"]
[Result "1/2-1/2"]
[WhiteElo "2441"]
[BlackElo "2345"]
[Annotator "TA"]
[PlyCount "91"]
[EventDate "2019.03.30"]
[EventType "swiss"]
[EventCountry "RUS"]
[SourceTitle "playchess.com"]
[Source "ChessBase"]
[SourceQuality "1"]

{[%evp 17,91,7,0,0,12,0,6,0,0,0,0,0,44,54,46,60,44,28,28,34,19,22,45,36,42,0,8,0,-6,-5,-7,-7,-7,-8,0,-7,-9,-15,-15,-15,-14,-17,0,0,0,-8,-7,-7,-7,-7,-3,-3,-4,-8,8,8,8,8,8,8,8,8,8,0,0,0,0,0,7,0,0,0,8,0,0,0]} 1. d4 d5 2. c4 c6 3. Nf3 Nf6 4. Qb3 dxc4 5. Qxc4 Bf5 6. g3 e6 7. Bg2 Be7 8. O-O Nbd7 9. Qb3 Qb6 10. Nbd2 {D23: Queen's Gambit Accepted: 3 Nf3 Nf6 sidelines} Qxb3 11. axb3 Bb4 $146 ({Predecessor:} 11... a6 12. Nc4 Be4 13. Bf4 Bd5 14. Nfd2 Bxg2 15. Kxg2 O-O 16. Na5 Ra7 17. Ndc4 Nd5 {½-½ (73) Javakhishvili,L (2475)-Nomin Erdene,D (2377) Batumi 2018}) 12. Nc4 Bc2 13. Na5 Bxa5 14. Rxa5 Bxb3 15. Nd2 $1 {[%cal Rd2b3]} Bc2 16. Nc4 {[%mdl 1024] White has compensation.} O-O 17. Nd6 Rfb8 18. Bf4 Nd5 19. Bd2 Bg6 20. e4 Nc7 21. f4 Ne8 {The position is equal.} 22. Nxe8 Rxe8 23. f5 exf5 24. exf5 Bh5 25. d5 Ne5 {White must now prevent ...Nc4.} 26. dxc6 Nxc6 27. Bxc6 bxc6 28. f6 Be2 29. Re1 h6 30. Kf2 Bc4 31. Rxa7 Rad8 32. Rxe8+ Rxe8 $11 {[%mdl 4096] Endgame KRB-KRB} 33. Re7 Rd8 34. Ba5 Rb8 35. Bc3 gxf6 36. Re4 Be6 37. Bxf6 Kh7 38. Bc3 Rb5 39. Ke3 Kg6 40. Ra4 h5 41. Ra8 Rf5 42. Rg8+ Kh7 43. Rh8+ Kg6 44. Rg8+ Kh7 45. Rh8+ Kg6 46. Ke4 {Accuracy: White = 66%, Black = 81%.} 1/2-1/2

[Event "Moscow-ch Men 2019"]
[Site "Moscow"]
[Date "2019.04.01"]
[Round "3.10"]
[White "Gubajdullin, Alexei"]
[Black "Dvalishvili, Pavel S."]
[Result "0-1"]
[WhiteElo "2344"]
[BlackElo "2407"]
[Annotator "TA"]
[PlyCount "74"]
[EventDate "2019.03.30"]
[EventType "swiss"]
[EventCountry "RUS"]
[SourceTitle "playchess.com"]
[Source "ChessBase"]
[SourceQuality "1"]

{[%evp 9,74,0,0,0,0,0,0,0,8,9,9,19,18,14,23,5,17,-12,-4,0,28,26,22,10,22,22,19,18,12,0,0,-27,-22,-34,-30,-31,0,-130,-113,-110,-139,-137,0,0,0,-251,-247,-258,-251,-423,-428,-412,-375,-383,-387,-642,-637,-633,-633,-652,-604,-652,-616,-679,-690,-1135,-1113]} 1. d4 c5 2. e3 Nf6 3. Nf3 d5 4. Ne5 (4. c4 cxd4 5. exd4 g6 6. Nc3 Bg7 7. Qb3 dxc4 8. Bxc4 O-O 9. d5 Nbd7 10. O-O Nb6 11. Bg5 h6 12. Bh4 Nxc4 13. Qxc4 e6 14. Rfd1 g5 15. dxe6 Bxe6 16. Qb4 {½-½ (29) Vidit,S (2702)-Anand,V (2773) Kolkata 2018}) 4... Nc6 5. Bb5 Qc7 6. c4 {D04: Colle System} e6 $146 ({Predecessor:} 6... a6 7. Ba4 e6 8. Nc3 Be7 9. Nxc6 bxc6 10. e4 O-O {0-1 (39) Werner,D (2314)-Rasmussen,R (2142) Budapest 2004}) 7. Qa4 {[%cal Re5c6]} Bd7 8. Nxd7 {The position is equal.} Nxd7 9. cxd5 exd5 10. Nc3 Nb6 11. Qd1 a6 12. dxc5 Bxc5 13. Bd3 (13. Bxc6+ $5 bxc6 14. b3 $11) 13... O-O 14. O-O Qe5 15. Ne2 Bd6 {[%csl Gd6][%cal Re5h2] [#]} 16. Ng3 g6 17. Bd2 Nc4 18. Bc3 Qe6 19. b3 N4e5 20. Be2 Rad8 21. Rc1 h5 22. f4 Nd7 23. Bxh5 (23. e4 $11 {keeps the balance.} Bc5+ 24. Kh1) 23... Qxe3+ $17 ({Much weaker is} 23... gxh5 $6 24. Qxh5 d4 25. Nf5 $11) 24. Kh1 Bxf4 25. Ne2 Bh6 ({Worse is} 25... gxh5 26. Nxf4 d4 27. Nxh5 $16) ({Better is} 25... Bg5 $17 {Threatens to win with ...d4.} 26. Bf3 Nf6) 26. Bxg6 $1 $11 {Strongly threatening Rf3.} d4 $1 $36 {[%mdl 2048] Black is pushing.} 27. Rf3 $2 {[%mdl 8192]} (27. Bb1 $1 $11 {and White has nothing to worry.} dxc3 28. Rxc3) 27... Qe7 $19 28. Bh7+ Kxh7 29. Qd3+ $2 (29. Bd2 {was necessary.} Rfe8 30. Ng3 Bxd2 31. Qxd2) 29... f5 $1 30. Rxf5 {Rf7+ would kill now.} Rxf5 31. Qxf5+ {[#]} Kg8 $1 32. Nxd4 $2 (32. Qg6+ Qg7 33. Qxg7+ Bxg7 34. Bd2) 32... Nxd4 {Black is clearly winning.} 33. Qd5+ Ne6 34. Re1 Ndf8 35. Qe4 Bg7 36. Bb4 Qf7 {...Rd4 is the strong threat.} 37. h3 Rd4 {Accuracy: White = 56%, Black = 73%.} 0-1